Νεοελληνική γλώσσα για το γυμνάσιο : βιβλίο του καθηγητή
Αποθηκεύτηκε σε:
| Κύριος συγγραφέας: | |
|---|---|
| Μορφή: | Βιβλίο |
| Γλώσσα: | Greek |
| Δημοσίευση: |
Αθήνα :
Ο.Ε.Δ.Β.,
[1985]
|
| Έκδοση: | [2η εκδ.] |
| Θέματα: | |
| Ετικέτες: |
Προσθήκη ετικέτας
Δεν υπάρχουν, Καταχωρήστε ετικέτα πρώτοι!
|
MARC
| LEADER | 00000nam a2200000 i 4500 | ||
|---|---|---|---|
| 001 | 1/73614 | ||
| 008 | 960724s1985 gre d | ||
| 035 | |a 1987 |c Δωρεά |l 10031563 | ||
| 040 | |a GR-MY-UA |b gre |e aacr | ||
| 041 | 0 | |a gre | |
| 082 | 0 | |a 489.30712495 | |
| 100 | 1 | |a Κάνδρος, Παναγιώτης. | |
| 245 | 1 | 0 | |a Νεοελληνική γλώσσα για το γυμνάσιο : |b βιβλίο του καθηγητή / |c Π. Κάνδρος ... [κ.ά] |
| 250 | |a [2η εκδ.] | ||
| 260 | |a Αθήνα : |b Ο.Ε.Δ.Β., |c [1985] | ||
| 300 | |a 270 σ. | ||
| 650 | 0 | 0 | |a Greek language |z Greece |x Study and teaching. |
| 852 | |a INST |b RHODES |e 19960724 |h 489.30712495 ΝΕΟ |p 005400001238 |q 005400001238 |t BK |y 0 | ||
| 909 | |a Ρ |b 004042 |c 1987 | ||